| 000 | 00958nas a2200253Ia 4500 | ||
|---|---|---|---|
| 001 | R951/D2303 | ||
| 003 | IT-RoPAU | ||
| 008 | 151124c99999999xx |||||||||||| ||und|| | ||
| 040 | _aIT-RoPAU | ||
| 040 | _cIT-RoPAU | ||
| 041 | _aINGLESE | ||
| 100 |
_aPower David N. _gCodice Aut. SPICS: 17585 |
||
| 210 | _aECCLESIA ORANS | ||
| 222 | _aEcclesia Orans | ||
| 245 |
_aECCLESIA ORANS, ANNO 02-N.01 (1985) _bSacrifice Of The Mass (The): A Question Of Reception And Re-Ception |
||
| 250 | _a1a ed. | ||
| 260 |
_aROMA _bBENEDICTINA EDIZ. ABBAZIA S.PAOLO _c1985 |
||
| 501 |
_bPaulus - SPICS - Società San Paolo EM (non-commercial uses only) _cCopyright2015 |
||
| 300 | _a28 p. [67-94] | ||
| 362 | _aANNO 002, N.01 (1985) | ||
| 500 | _aSacrificio della Messa. Stato Ecumenico e Magistero Cattolico. Ricezione del Dogma. Limiti di Linguaggio: Dogma e Simbolo. Dogma e Imperativi della Fede. | ||
| 650 |
_aLITURGIA _vPUBBLICAZIONE PERIODICA |
||
| 942 | _cCR | ||
| 999 |
_c110706 _d110706 |
||